| 000 | 00920nam a22002057a 4500 | ||
|---|---|---|---|
| 999 |
_c8553 _d8553 |
||
| 003 | AR-CdUCM | ||
| 008 | 190325b ||||| |||| 00| 0 spa d | ||
| 040 |
_aMUNICIPALIDAD PROVINCIAL DEL CUSCO _cBIBLIOTECA MUNICIPAL DEL CUSCO |
||
| 082 |
_a541 / _bH37 |
||
| 100 |
_aHenglein, Martin _923955 |
||
| 245 | _aEnsayo al Soplete / | ||
| 260 |
_aMéxico : _bUnion Tipografica Editorial Hispano Americana , _c1963. |
||
| 300 |
_a106 páginas ; _c17 cm. |
||
| 505 | _aContenido : Introduccion -- Ensayos sin reactivos -- Ensayos con Reactivos -- Metales Alcalinos y alcalinoterreos -- Sustancias no volatiles que colorean las perlas -- Sustancias Volátiles que dan aureola sobre el carbon -- Determinacion de otras sustancias -- Marcha analitica y ejemplo... | ||
| 650 |
_aSustancias no volatiles _923956 |
||
| 650 |
_aEnsayos Quimicos _923957 |
||
| 650 |
_aLaboratorio Quimico _923958 |
||
| 942 |
_2ddc _cLIBROS |
||
| 945 | _artm | ||